00323nam a22001217a 4500003000200000005001700002082001500019100003500034245002600069260005200095300000800147650004600155020260402152456.0 a351.54 ANN aCentral Information Commission aAnnual report 2024-25 aNew DelhibCentral Information Commissionc2025 a267 aIndia - Central Government administration